|
003 -Nazwa inst., której nr kontr. jest w polu 001 [,]
|
-
- @
- Nazwa instytucji, której n kontrolny jest w polu 001
- NUKAT
|
|
005 -DATA I CZAS OSTATNIEJ MODYFIKACJI [,]
|
-
- @
- pole kontrolne
- 20241231092130.0
|
|
020 -Międzynarod. znormalizowany nr książki - ISBN [ , ]
|
-
- a
- Numer ISBN
- 9788301149406
|
|
040 -Instytucja sporządzająca opis [ , ]
|
-
- a
- Instytucja, która sporządziła opis (NP)
- Ł 30/ED
-
- c
- Instytucja, która sporządziła rekord (NP)
- Ł 30/ED
-
- d
- Instytucja, która zmodyfikowała rekord (P)
- Ł 30/MS
-
- d
- Instytucja, która zmodyfikowała rekord (P)
- GD 015/JK
|
|
041 -Język dokumentu [1, ]
|
-
- a
- Język tekstu (P)
- polski
-
- h
- Język tekstu oryginalnego i/lub pośredniego (P)
- rosyjski
-
- h
- Język tekstu oryginalnego i/lub pośredniego (P)
- angielski
|
|
942 -Rodzaj dokumentu [ , ]
|
-
- c
- Rodzaj dokumentu
- Książka
|
|
240 -Tytuł ujednolicony [1,0]
|
-
- a
- Tytuł ujednolicony
- Feynman lectures on physics
-
-
|
|
245 -Strefa tytułu i oznaczenia odpowiedzialności [1,0]
|
-
- a
- Tytuł
- Feynmana wykłady z fizyki :
-
- b
- Ciąg dalszy tytułu (NP)
- rozwiązania zadań /
-
- c
- Pozostałe elementy strefy tytułu i oznaczenia odpowiedzialności (NP)
- pod red. A. P. Lewaniuka ; red. nauk. przekładu: Tadeusz Paszkiewicz ; [przekł. z jęz. ros.: Małgorzata Pociask, Małgorzata Sznajder, Sławomir Wolski].
|
|
246 -Wariant tytułu [1, ]
|
-
- i
- Tekst wyświetlany na ekranie monitora (NP)
- Tyt. przekł. ros.:
-
- a
- Tytuł (NP)
- Fejnmanovskie lekcii po fizike :
-
- p
- Nazwa części
- zadači i upražneniâ s otvetami i rešeniâmi
|
|
246 -Wariant tytułu [1,3]
|
-
- a
- Tytuł (NP)
- Rozwiązania zadań :
-
- b
- Ciąg dalszy tytułu (NP)
- Feynmana wykłady z fizyki
|
|
260 -Strefa adresu wydawniczego [ , ]
|
-
- a
- Miejsce wydania (P)
- Warszawa :
-
- b
- Nazwa wydawcy (P)
- Wydawnictwo Naukowe PWN,
-
|
|
700 -Hasło dodatkowe - nazwa osobowa [1, ]
|
-
- a
- Nazwa osobowa (NP)
- Levanûk, Arkadij Petrovič
-
- d
- Daty biograficzne (NP)
- (1933- ).
-
- e
- Określenie rodzaju współpracy
- Red.
-
|
|
700 -Hasło dodatkowe - nazwa osobowa [1, ]
|
-
- a
- Nazwa osobowa (NP)
- Paszkiewicz, Tadeusz
-
- d
- Daty biograficzne (NP)
- (1942- ).
-
- e
- Określenie rodzaju współpracy
- Red.
-
|
|
700 -Hasło dodatkowe - nazwa osobowa [1, ]
|
-
- a
- Nazwa osobowa (NP)
- Pociask, Małgorzata.
-
- e
- Określenie rodzaju współpracy
- Tł.
-
|
|
700 -Hasło dodatkowe - nazwa osobowa [1, ]
|
-
- a
- Nazwa osobowa (NP)
- Sznajder, Małgorzata Alina.
-
- e
- Określenie rodzaju współpracy
- Tł.
-
|
|
700 -Hasło dodatkowe - nazwa osobowa [1, ]
|
-
- a
- Nazwa osobowa (NP)
- Wolski, Sławomir
-
- c
- Dopowiedzenie inne niż daty biograficzne (NP)
- (fizyka).
-
- e
- Określenie rodzaju współpracy
- Tł.
-
|
|
710 -Hasło dodatkowe - nazwa ciała zbiorowego [2, ]
|
-
- a
- Nazwa ciała zbiorowego lub nazwa geograficzna jako pierwszy element (NP)
- Wydawnictwo Naukowe PWN.
-
-
|